Mughal administration / (Record no. 181831)
[ view plain ]
| 000 -LEADER | |
|---|---|
| fixed length control field | 00482nam a2200157 4500 |
| 005 - DATE AND TIME OF LATEST TRANSACTION | |
| control field | 20211006164910.0 |
| 010 ## - LCCN (DPL NO) | |
| LC control number | EN230921 |
| 020 ## - INTERNATIONAL STANDARD BOOK NUMBER | |
| International Standard Book Number | 9789388789967 |
| Terms of availability | 250.00 |
| 037 ## - SOURCE OF ACQUISITION | |
| Source of stock number/acquisition | B.R. Publishing Corporation |
| 100 ## - MAIN ENTRY--PERSONAL NAME | |
| Personal name | Sarkar,Sir Jadunath |
| 245 ## - TITLE STATEMENT | |
| Title | Mughal administration / |
| Statement of responsibility, etc | by Sir Jadunath Sarkar |
| 260 ## - PUBLICATION, DISTRIBUTION, ETC. (IMPRINT) | |
| Place of publication, distribution, etc | Delhi |
| Name of publisher, distributor, etc | B.R. Publishing Corporation |
| Date of publication, distribution, etc | 2021 |
| 270 ## - ADDRESS | |
| Address | 425,Nimri Colony,Ashok Vihar,Phase-IV, |
| City | Delhi |
| Postal code | 110052 |
| 300 ## - PHYSICAL DESCRIPTION | |
| Extent | 152p. |
| Dimensions | 18cm(pbk) |
| 942 ## - ADDED ENTRY ELEMENTS (KOHA) | |
| Source of classification or shelving scheme | Dewey Decimal Classification |
| Item type | English Books |
| Call number suffix | SAR |
No items available.
